[Event "World Junior Open 2015"]
[Site "Khanty-Mansiysk RUS"]
[Date "2015.09.11"]
[Round "9.21"]
[White "Studer, Noel"]
[Black "Makhnyov, Denis"]
[Result "0-1"]
[WhiteTitle "IM"]
[BlackTitle "FM"]
[WhiteElo "2422"]
[BlackElo "2358"]
[WhiteFideId "1319620"]
[BlackFideId "13707647"]
[EventDate "2015.09.02"]

1. e4 e5 2. Nf3 Nc6 3. Bb5 Nf6 4. d3 Bc5 5. O-O Nd4 6. Nxd4 Bxd4 7. c3 Bb6 8.
Ba4 O-O 9. Bg5 h6 10. Bh4 g5 11. Bg3 d6 12. Nd2 c6 13. Nc4 Bc7 14. Bc2 Bg4 15.
Qd2 Be6 16. Ne3 Qe7 17. Rfe1 Rad8 18. d4 Nh5 19. Rad1 Qf6 20. f3 Nf4 21. Bf2 Bc8
22. Kh1 Rfe8 23. Bb1 Kh8 24. Qc2 Kg8 25. Rf1 h5 26. g3 Ng6 27. Nf5 Ne7 28. Nxe7+
Qxe7 29. Be3 Bb6 30. Rde1 Kh8 31. a4 Rg8 32. b4 f6 33. a5 Bc7 34. dxe5 fxe5 35.
f4 gxf4 36. gxf4 Bh3 37. Rg1 Qh4 38. f5 Bg2+ 39. Qxg2 Rxg2 40. Kxg2 Rg8+ 41. Kh1
Rg4 42. Ref1 Bd8 43. Rf3 Rxg1+ 44. Bxg1 Bg5 45. Bc2 Bf4 46. Rf2 Qh3 47. Bd1 Qd3
48. Bc2 Qxc3 49. Rg2 h4 50. Bd1 h3 51. Rg4 Qd3 0-1

[Event "World Junior Open 2015"]
[Site "Khanty-Mansiysk RUS"]
[Date "2015.09.11"]
[Round "9.22"]
[White "Fontaine, Quentin"]
[Black "Bida, Mihai-Eugen"]
[Result "0-1"]
[BlackTitle "FM"]
[WhiteElo "2122"]
[BlackElo "2394"]
[WhiteFideId "230804"]
[BlackFideId "1200062"]
[EventDate "2015.09.02"]

1. d4 Nf6 2. Nf3 e6 3. Nbd2 d5 4. e3 b6 5. Bb5+ Bd7 6. Bd3 c5 7. c3 Nc6 8. Ne5
Nxe5 9. dxe5 Ng8 10. f4 g5 11. Qh5 gxf4 12. exf4 Qe7 13. Qe2 Nh6 14. Nf3 Nf5 15.
a4 h5 16. a5 bxa5 17. Rxa5 Qd8 18. Ra6 Qc8 19. Ra1 Be7 20. O-O h4 21. Be3 h3 22.
g4 Rg8 23. Bxf5 exf5 24. g5 Qb7 25. Ra5 Rb8 26. Rfa1 Qxb2 27. Qxb2 Rxb2 28. Bxc5
a6 29. Bf2 Bb5 30. Nd4 Bxg5 31. Bg3 Bd3 32. fxg5 Rg2+ 33. Kh1 Be4 34. Re1 f4 35.
Rxe4 dxe4 36. Bxf4 Rf2 37. Be3 Rf1+ 38. Bg1 Rxg5 39. Ne2 Rg2 40. Ra2 Rfxg1+ 41.
Nxg1 Rxa2 0-1

[Event "World Junior Open 2015"]
[Site "Khanty-Mansiysk RUS"]
[Date "2015.09.11"]
[Round "9.23"]
[White "Hasenohr, Benedict"]
[Black "Beradze, Irakli"]
[Result "0-1"]
[WhiteTitle "FM"]
[WhiteElo "2309"]
[BlackElo "2380"]
[WhiteFideId "1303309"]
[BlackFideId "13604597"]
[EventDate "2015.09.02"]

1. d4 Nf6 2. c4 e6 3. Nc3 Bb4 4. e3 c5 5. Ne2 cxd4 6. exd4 d5 7. c5 O-O 8. a3
Ba5 9. g3 Bc7 10. b4 Re8 11. Bg2 b6 12. O-O bxc5 13. dxc5 Nc6 14. b5 Na5 15. Rb1
Rb8 16. Qa4 Bb7 17. Rd1 Ba8 18. Be3 h6 19. Rb4 Be5 20. Rd3 a6 21. bxa6 Bc6 22.
Qc2 Qc8 23. a7 Ra8 24. Nb5 Bxb5 25. Rxb5 Rxa7 26. f4 Bb8 27. Bd4 Nc4 28. a4 Rc7
29. Rc3 Ba7 30. Rxc4 dxc4 31. Qxc4 Rd8 32. Kf1 Ng4 33. h3 Rxd4 34. Qxd4 Rd7 35.
hxg4 Rxd4 36. Nxd4 Bxc5 37. Nc6 Qa6 38. Bf3 Qxa4 39. Ra5 Qc2 0-1

[Event "World Junior Open 2015"]
[Site "Khanty-Mansiysk RUS"]
[Date "2015.09.11"]
[Round "9.24"]
[White "Isaev, Chyngyz"]
[Black "Bilguun, Sumiya"]
[Result "1-0"]
[BlackTitle "FM"]
[WhiteElo "2163"]
[BlackElo "2343"]
[WhiteFideId "13801660"]
[BlackFideId "4901541"]
[EventDate "2015.09.02"]

1. d4 d5 2. c4 e6 3. Nc3 c6 4. e3 Nf6 5. Nf3 Nbd7 6. Qc2 Bd6 7. b3 O-O 8. Be2 b6
9. Bb2 Bb7 10. O-O Qe7 11. Rac1 Rac8 12. Rfd1 Rfe8 13. Bf1 c5 14. dxc5 Nxc5 15.
cxd5 Nxd5 16. Nxd5 Bxd5 17. b4 Nd7 18. Qxc8 Rxc8 19. Rxc8+ Nf8 20. Be5 Qd7 21.
Rcc1 Bxe5 22. Nxe5 Qd6 23. e4 Qxe5 24. exd5 exd5 25. Re1 Qb8 26. Re7 h6 27. Rcc7
Ne6 28. Rxa7 Qf4 29. Re8+ 1-0

[Event "World Junior Open 2015"]
[Site "Khanty-Mansiysk RUS"]
[Date "2015.09.11"]
[Round "9.25"]
[White "Popov, Mikhail"]
[Black "Taalaibekov, Tagir"]
[Result "1-0"]
[WhiteTitle "FM"]
[WhiteElo "2327"]
[BlackElo "2222"]
[WhiteFideId "4146182"]
[BlackFideId "13801163"]
[EventDate "2015.09.02"]

1. Nc3 d5 2. e4 dxe4 3. Nxe4 Nf6 4. Nxf6+ exf6 5. Nf3 Bd6 6. d4 O-O 7. Be3 c6 8.
Qd2 Nd7 9. O-O-O a6 10. c4 Re8 11. Bd3 Nf8 12. Rhg1 b5 13. d5 bxc4 14. Bxc4 c5
15. Qc2 Rb8 16. Nd2 f5 17. Nb3 Qc7 18. Kb1 Re4 19. Bd3 Reb4 20. Bd2 Rh4 21. Na5
Be5 22. b3 Bd7 23. Nc4 Bf6 24. g3 Rd4 25. Bc3 Rxd5 26. Bxf6 gxf6 27. Ne3 Re5 28.
Bxa6 Bc6 29. Qc3 Be4+ 30. Kb2 Bf3 31. Rd2 Ra8 32. Bc4 Be4 33. f4 Re7 34. g4 Qc6
35. gxf5+ Kh8 36. Bb5 Qb6 37. Nc4 Rxa2+ 38. Kxa2 1-0

[Event "World Junior Open 2015"]
[Site "Khanty-Mansiysk RUS"]
[Date "2015.09.11"]
[Round "9.26"]
[White "Serikbay, Chingiz"]
[Black "Lootens, Matthias"]
[Result "1-0"]
[WhiteTitle "FM"]
[WhiteElo "2272"]
[BlackElo "1935"]
[WhiteFideId "13707604"]
[BlackFideId "218634"]
[EventDate "2015.09.02"]

1. e4 c5 2. Nf3 d6 3. Bb5+ Bd7 4. Bxd7+ Qxd7 5. O-O Nc6 6. c3 Nf6 7. Re1 e6 8.
d4 cxd4 9. cxd4 d5 10. e5 Ng8 11. Nc3 Nh6 12. Bxh6 gxh6 13. Rc1 Rg8 14. Na4 b6
15. Re2 h5 16. Rec2 Rc8 17. Qd3 Bh6 18. Qxh7 Bxc1 19. Qxg8+ Ke7 20. Qg7 Nd8 21.
Nc3 Bxb2 22. Nh4 Ke8 23. Qh8+ Ke7 24. Nxd5+ exd5 25. Qf6+ Ke8 26. Nf5 1-0

[Event "World Junior Open 2015"]
[Site "Khanty-Mansiysk RUS"]
[Date "2015.09.11"]
[Round "9.27"]
[White "Dutreuil, Raphael"]
[Black "Harsha, Bharathakoti"]
[Result "0-1"]
[WhiteElo "2166"]
[BlackElo "2393"]
[WhiteFideId "20630999"]
[BlackFideId "5078776"]
[EventDate "2015.09.02"]

1. d4 e6 2. c4 b6 3. a3 Bb7 4. Nc3 f5 5. f3 Nf6 6. Bg5 Be7 7. e3 O-O 8. Bd3 Ng4
9. Bxe7 Qxe7 10. Qe2 Qh4+ 11. Kd2 Nf6 12. Nh3 Nc6 13. Rae1 Rae8 14. Kc1 e5 15.
d5 e4 16. dxc6 exd3 17. Qxd3 dxc6 18. Nf4 Rf7 19. Nce2 Nd7 20. Nd4 Ne5 21. Qc2
g6 22. Qc3 c5 23. Nc2 g5 24. Nh3 Qxc4 25. Qxc4 Nxc4 26. Nxg5 Rg7 27. h4 h6 28.
Nh3 Rxg2 29. Nf4 Rg3 30. Nh5 Rg6 31. Nf4 Rd6 32. Rhg1+ Kf7 33. Rg3 Rg8 34. Reg1
Rxg3 35. Rxg3 Nd2 36. Ne1 Nf1 37. Rg1 Nxe3 38. Ned3 c4 39. Ne5+ Kf6 40. Nfg6 f4
41. h5 Rd5 42. Ng4+ Nxg4 0-1

[Event "World Junior Open 2015"]
[Site "Khanty-Mansiysk RUS"]
[Date "2015.09.11"]
[Round "9.28"]
[White "Bogdanov, Egor"]
[Black "Kirk, Ezra"]
[Result "1-0"]
[BlackTitle "FM"]
[WhiteElo "2333"]
[BlackElo "2315"]
[WhiteFideId "14119137"]
[BlackFideId "600067"]
[EventDate "2015.09.02"]

1. e4 e6 2. d4 d5 3. Nc3 Nf6 4. e5 Nfd7 5. f4 c5 6. Nf3 Nc6 7. Be3 Be7 8. Qd2
O-O 9. O-O-O c4 10. f5 b5 11. f6 gxf6 12. Bh6 b4 13. Qf4 Kh8 14. Nb5 Rg8 15.
exf6 Bxf6 16. Nd6 Qe7 17. Re1 Rg6 18. Nf5 Qd8 19. Nd6 Qe7 20. Nf5 Qd8 21. Nd6
Qg8 22. g4 Rxh6 23. Qxh6 Nxd4 24. Qf4 Nxf3 25. Qxf3 Qg7 26. Kb1 Bxb2 27. Qxf7
Qxf7 28. Nxf7+ Kg7 29. Ng5 Be5 30. Nf3 Bc3 31. Rxe6 Nf6 32. Rc6 Ne4 33. Rc7+ Kh8
34. h3 Be6 35. Bg2 Bg7 36. Kc1 Nc3 37. Ng5 Nxa2+ 38. Kd2 Bg8 39. Rf1 Re8 40.
Rxa7 d4 41. Re1 Rd8 42. Ree7 d3 43. Rad7 dxc2 44. Nf7+ Bxf7 45. Rxd8+ Bg8 46.
Kxc2 b3+ 47. Kd2 Bh6+ 48. Ke1 Nc3 49. Ree8 Kg7 50. Rxg8+ Kf7 51. Rb8 b2 52. Rh8
Bg7 53. Rxh7 1-0

[Event "World Junior Open 2015"]
[Site "Khanty-Mansiysk RUS"]
[Date "2015.09.11"]
[Round "9.29"]
[White "Chumak, Dmitrii"]
[Black "El Fazari, Mohamed Amin"]
[Result "1/2-1/2"]
[WhiteElo "1808"]
[BlackElo "1832"]
[WhiteFideId "34106658"]
[BlackFideId "9002545"]
[EventDate "2015.09.02"]

1. d4 d5 2. c4 c6 3. Nc3 e6 4. Bf4 Nf6 5. e3 Bd6 6. Bxd6 Qxd6 7. Nf3 Nbd7 8. c5
Qe7 9. h3 e5 10. dxe5 Nxe5 11. Nxe5 Qxe5 12. Qd4 Qxd4 13. exd4 Bf5 14. Be2 Kd7
15. O-O Rae8 16. Rfe1 Re7 17. Bf3 Rhe8 18. Rxe7+ Rxe7 19. Rd1 h5 20. Kf1 g5 21.
Re1 Bd3+ 22. Be2 Bxe2+ 23. Rxe2 Rxe2 24. Kxe2 Ke6 25. f3 h4 26. Ke3 Nh5 27. Ne2
Kf5 28. b4 f6 29. a3 a6 30. a4 Ke6 31. f4 Kf5 32. fxg5 fxg5 33. Kf3 Nf6 34. g4+
Ke6 35. Nc3 Nd7 36. a5 Nf8 37. Ke3 Ng6 38. Ne2 Kf6 39. Kf3 1/2-1/2

[Event "World Junior Open 2015"]
[Site "Khanty-Mansiysk RUS"]
[Date "2015.09.11"]
[Round "9.30"]
[White "Ererdem, Gani Eren"]
[Black "Dias, Matheus Nunes"]
[Result "1-0"]
[WhiteElo "2213"]
[BlackElo "1699"]
[WhiteFideId "6310915"]
[BlackFideId "2136570"]
[EventDate "2015.09.02"]

1. e4 e6 2. d4 d5 3. Nd2 Nf6 4. e5 Nfd7 5. f4 c5 6. c3 Nc6 7. Ndf3 Qb6 8. g3 f6
9. a3 Be7 10. Bd3 O-O 11. h4 f5 12. Ne2 h5 13. Rb1 a5 14. Be3 c4 15. Bc2 Qa6 16.
Ng5 Na7 17. Ng1 b5 18. Qxh5 1-0

[Event "World Junior Open 2015"]
[Site "Khanty-Mansiysk RUS"]
[Date "2015.09.11"]
[Round "9.31"]
[White "O'Mahoney, Keegan"]
[Black "Sabirov, Timur"]
[Result "0-1"]
[WhiteElo "1788"]
[BlackElo "1665"]
[WhiteFideId "2506190"]
[BlackFideId "44107323"]
[EventDate "2015.09.02"]

1. d4 Nf6 2. c4 c5 3. d5 b5 4. cxb5 a6 5. bxa6 g6 6. Nc3 Bxa6 7. Nf3 Bg7 8. e4
Bxf1 9. Kxf1 d6 10. g3 O-O 11. Kg2 Nbd7 12. a4 Qa5 13. Bd2 Rfb8 14. Nb5 Qd8 15.
Qe2 Ne8 16. Bc3 Nc7 17. Nxc7 Qxc7 18. Bxg7 Kxg7 19. Rhb1 Rb4 20. Qc2 Nb6 21. b3
Qb7 22. Rd1 Nd7 23. Nd2 Nf6 24. f3 Qa6 25. Nc4 Rab8 26. Rab1 Nd7 27. Qd3 Nb6 28.
Ne5 Qxd3 29. Nxd3 Rd4 30. Nb2 Rb4 31. Nd3 Rd4 32. Ne1 Rxd1 33. Rxd1 Kf8 34. Kf2
Ke8 35. Ke2 Kd7 36. Kd2 e6 37. a5 Nc8 38. Kc3 exd5 39. Rxd5 Rb5 40. a6 Ra5 41.
Nd3 Nb6 42. Rg5 f6 43. Rg4 Rxa6 44. Rh4 h5 45. Rh3 Nc8 46. g4 hxg4 47. Rh7+ Kc6
48. fxg4 Ra7 49. Rxa7 Nxa7 50. Nf4 Nb5+ 51. Kc4 g5 52. Nd5 Nd4 53. Nxf6 Nf3 54.
Kd3 Kb5 55. Ke2 Ne5 56. h3 Kb4 57. Kd2 Kxb3 58. Nd5 c4 59. Kc1 c3 60. Ne3 Nd3+
61. Kb1 Nf2 62. Kc1 Nxe4 63. Nf5 d5 64. Nd4+ Kc4 65. Nf3 d4 66. Nxg5 Nxg5 67. h4
Kd3 68. Kd1 c2+ 69. Kc1 Kc3 70. hxg5 d3 71. g6 d2# 0-1

[Event "World Junior Open 2015"]
[Site "Khanty-Mansiysk RUS"]
[Date "2015.09.12"]
[Round "10.1"]
[White "Duda, Jan-Krzysztof"]
[Black "Abasov, Nijat"]
[Result "1-0"]
[WhiteTitle "GM"]
[BlackTitle "GM"]
[WhiteElo "2645"]
[BlackElo "2511"]
[WhiteFideId "1170546"]
[BlackFideId "13402960"]
[EventDate "2015.09.02"]

1. e4 e5 2. Nf3 Nc6 3. Bb5 Nf6 4. O-O Nxe4 5. d4 Nd6 6. Bxc6 dxc6 7. dxe5 Nf5 8.
Qxd8+ Kxd8 9. h3 Ke8 10. Nc3 h5 11. Bf4 Be7 12. Rfe1 Be6 13. Ne4 h4 14. c3 Rh5
15. Nfg5 Rd8 16. g4 hxg3 17. fxg3 Rh6 18. Nxe6 Rxe6 19. Rad1 Rd5 20. Kf2 Kd7 21.
c4 Rxd1 22. Rxd1+ Kc8 23. g4 Bh4+ 24. Kf3 Ne7 25. Bg5 1-0

[Event "World Junior Open 2015"]
[Site "Khanty-Mansiysk RUS"]
[Date "2015.09.12"]
[Round "10.2"]
[White "Bajarani, Ulvi"]
[Black "Antipov, Mikhail Al."]
[Result "1/2-1/2"]
[WhiteTitle "GM"]
[BlackTitle "GM"]
[WhiteElo "2535"]
[BlackElo "2538"]
[WhiteFideId "13403028"]
[BlackFideId "4107012"]
[EventDate "2015.09.02"]

1. d4 Nf6 2. c4 e6 3. Nc3 Bb4 4. f3 c5 5. d5 O-O 6. e4 b5 7. e5 Ne8 8. f4 exd5
9. cxd5 d6 10. Nf3 Nc7 11. Bd3 c4 12. Bc2 dxe5 13. d6 Bxd6 14. fxe5 Bb4 15. Qxd8
Rxd8 16. Be4 Nd5 17. Bg5 f5 18. exf6 Nxc3 19. bxc3 Re8 20. f7+ Kxf7 21. O-O Rxe4
22. Nd2+ Kg6 23. Nxe4 Bb7 24. cxb4 Bxe4 25. Bd2 Nd7 26. Bc3 Nf6 27. Rae1 Re8 28.
Re3 Nd5 29. Rg3+ Kh5 30. Bd2 h6 31. Rxg7 c3 32. Bc1 Bd3 33. Rd1 Nxb4 34. Ba3 c2
35. Ra1 Nxa2 36. Rxa2 Re1+ 37. Kf2 Re2+ 38. Kf3 c1=Q 39. Bxc1 Rxa2 1/2-1/2

[Event "World Junior Open 2015"]
[Site "Khanty-Mansiysk RUS"]
[Date "2015.09.12"]
[Round "10.3"]
[White "Akash, G"]
[Black "Bluebaum, Matthias"]
[Result "0-1"]
[WhiteTitle "IM"]
[BlackTitle "GM"]
[WhiteElo "2382"]
[BlackElo "2580"]
[WhiteFideId "5040299"]
[BlackFideId "24651516"]
[EventDate "2015.09.02"]

1. e4 e6 2. d4 d5 3. Nc3 Nf6 4. e5 Nfd7 5. f4 c5 6. Nf3 Nc6 7. Be3 Be7 8. Qd2
O-O 9. dxc5 Nxc5 10. O-O-O a6 11. Qf2 b6 12. h4 Qc7 13. h5 f5 14. exf6 Bxf6 15.
Qe1 Rd8 16. Ne2 Na4 17. Ned4 Nxd4 18. Nxd4 e5 19. fxe5 Qxe5 20. Bf2 Qd6 21. Bh4
Bg4 22. Bxf6 Qxf6 23. Rd2 Re8 24. Qg3 Qf4 25. Qh4 Re4 26. Bd3 Rxd4 27. Rf1 Qe3
28. Qf2 Qxf2 29. Rfxf2 g6 30. c3 Rc8 31. hxg6 Nc5 32. gxh7+ Kg7 33. Bc2 Rxd2 34.
Rxd2 Be6 35. Re2 Rf8 36. b4 Ne4 37. c4 Bf7 38. Bxe4 dxe4 39. Rxe4 Rc8 40. Rh4
Rxc4+ 41. Rxc4 Bxc4 42. a4 Kxh7 43. Kb2 Kg6 44. Kc3 b5 45. Kd4 Kf5 46. a5 Bf1
47. g3 Kg4 48. Kc5 Kxg3 49. Kb6 Kf4 50. Kxa6 Ke5 51. Kb6 Kd4 52. a6 Kc4 53. Ka5
Bg2 54. a7 Ba8 0-1

[Event "World Junior Open 2015"]
[Site "Khanty-Mansiysk RUS"]
[Date "2015.09.12"]
[Round "10.4"]
[White "Tran, Tuan Minh"]
[Black "Rambaldi, Francesco"]
[Result "0-1"]
[WhiteTitle "IM"]
[BlackTitle "IM"]
[WhiteElo "2417"]
[BlackElo "2540"]
[WhiteFideId "12401820"]
[BlackFideId "20657307"]
[EventDate "2015.09.02"]

1. d4 d6 2. Bf4 g6 3. e3 Bg7 4. Nf3 Nd7 5. h3 e5 6. Bh2 Nh6 7. Be2 O-O 8. O-O
Qe7 9. c4 f5 10. Nc3 c6 11. b4 g5 12. c5 d5 13. Nxe5 Nxe5 14. Bxe5 Bxe5 15. dxe5
f4 16. Nxd5 cxd5 17. Qxd5+ Be6 18. Qd6 Qf7 19. Bh5 Qxh5 20. Qxe6+ Kh8 21. exf4
gxf4 22. f3 Nf5 23. Rf2 Rad8 24. Re1 Qg5 25. Qc4 Ne3 26. Qe4 Rg8 27. g4 Rge8 28.
h4 Qxe5 29. Qxb7 Rd1 30. Rxd1 Nxd1 0-1

[Event "World Junior Open 2015"]
[Site "Khanty-Mansiysk RUS"]
[Date "2015.09.12"]
[Round "10.5"]
[White "Bok, Benjamin"]
[Black "Karthikeyan, Murali"]
[Result "1-0"]
[WhiteTitle "GM"]
[BlackTitle "GM"]
[WhiteElo "2586"]
[BlackElo "2509"]
[WhiteFideId "1017063"]
[BlackFideId "5074452"]
[EventDate "2015.09.02"]

1. e4 c5 2. Nf3 d6 3. d4 cxd4 4. Nxd4 Nf6 5. Nc3 Nc6 6. Bg5 e6 7. Qd2 a6 8.
O-O-O Bd7 9. f4 b5 10. Bxf6 gxf6 11. Kb1 Qb6 12. Nxc6 Bxc6 13. Qe1 Be7 14. f5
Qc5 15. Bd3 b4 16. Ne2 e5 17. Ng3 a5 18. b3 a4 19. Bc4 h5 20. Qe2 h4 21. Nf1 Rg8
22. Qf3 axb3 23. Bxb3 Rg7 24. Ne3 Kd7 25. Rd3 Rag8 26. Rhd1 Bb5 27. Rd5 Qb6 28.
R1d2 Ba6 29. Bc4 Bxc4 30. Nxc4 Qg1+ 31. Rd1 Qxg2 32. Qd3 Ke8 33. Rxd6 1-0

[Event "World Junior Open 2015"]
[Site "Khanty-Mansiysk RUS"]
[Date "2015.09.12"]
[Round "10.6"]
[White "Tari, Aryan"]
[Black "Van Foreest, Jorden"]
[Result "0-1"]
[WhiteTitle "IM"]
[BlackTitle "IM"]
[WhiteElo "2518"]
[BlackElo "2541"]
[WhiteFideId "1510045"]
[BlackFideId "1039784"]
[EventDate "2015.09.02"]

1. e4 e6 2. d4 d5 3. Nc3 Nf6 4. e5 Nfd7 5. f4 c5 6. Nf3 Nc6 7. Be3 a6 8. Qd2 b5
9. dxc5 Bxc5 10. Bd3 Qb6 11. Bf2 h6 12. O-O Bxf2+ 13. Qxf2 Qxf2+ 14. Kxf2 Ke7
15. Ne2 f6 16. exf6+ gxf6 17. Ned4 Nxd4 18. Nxd4 Kd6 19. Rae1 Nb6 20. Ke3 Bd7
21. Kd2 Rhf8 22. b3 Rae8 23. Re3 e5 24. Nf5+ Bxf5 25. Bxf5 d4 26. fxe5+ fxe5 27.
Ref3 Nd5 28. Be4 Rxf3 29. Rxf3 Nc3 30. Kd3 Nxa2 31. Rf6+ Re6 32. Rf8 Nc3 33. g4
a5 34. Ra8 Kc5 35. Rxa5 Rf6 36. Ra1 Rf2 37. Re1 Na2 0-1

[Event "World Junior Open 2015"]
[Site "Khanty-Mansiysk RUS"]
[Date "2015.09.12"]
[Round "10.7"]
[White "Chigaev, Maksim"]
[Black "Georgiadis, Nico"]
[Result "1-0"]
[WhiteTitle "IM"]
[BlackTitle "IM"]
[WhiteElo "2531"]
[BlackElo "2484"]
[WhiteFideId "4108116"]
[BlackFideId "1300113"]
[EventDate "2015.09.02"]

1. b3 g6 2. Bb2 Nf6 3. g3 Bg7 4. Bg2 O-O 5. Nf3 d5 6. c4 c6 7. O-O a5 8. Nc3
Nbd7 9. d4 b6 10. Qc2 Ba6 11. Nd2 Rc8 12. Rad1 b5 13. Rfe1 bxc4 14. bxc4 e5 15.
Na4 exd4 16. Bxd4 c5 17. Bxf6 Nxf6 18. cxd5 Nxd5 19. Bxd5 Qxd5 20. Nb6 Qe5 21.
Nxc8 Rxc8 22. Nc4 Qe6 23. Nd6 Rc6 24. Ne4 h6 25. Rd8+ Kh7 26. Red1 Qc4 27. Qxc4
Bxc4 28. R8d6 Rc7 29. Rc1 Bxa2 30. Rxc5 Ra7 31. Rcc6 a4 32. Ra6 Rxa6 33. Rxa6
Bc4 34. Rxa4 Bxe2 35. Nd6 Kg8 36. Ra7 f5 37. Kg2 Bd3 38. f3 Bc2 39. h4 h5 40.
Nf7 Bb3 41. Ng5 Bf6 42. Rb7 Ba2 43. Rb6 Kg7 44. Nh3 Bf7 45. Rb7 Kg8 46. Ng5 Ba2
47. Rd7 Bc4 48. Kf2 Ba2 49. Ke3 Be5 50. f4 Bf6 51. Nf3 Bf7 52. Ne5 Be8 53. Rb7
Kf8 54. Kd4 1-0

[Event "World Junior Open 2015"]
[Site "Khanty-Mansiysk RUS"]
[Date "2015.09.12"]
[Round "10.8"]
[White "Yuffa, Daniil"]
[Black "Pichot, Alan"]
[Result "1-0"]
[WhiteTitle "IM"]
[BlackTitle "IM"]
[WhiteElo "2476"]
[BlackElo "2528"]
[WhiteFideId "24131423"]
[BlackFideId "110973"]
[EventDate "2015.09.02"]

1. d4 Nf6 2. c4 c5 3. d5 e6 4. Nc3 exd5 5. cxd5 d6 6. Nf3 g6 7. Bg5 Bg7 8. e4
O-O 9. Be2 h6 10. Bh4 a6 11. Nd2 b5 12. O-O Re8 13. Qc2 Nbd7 14. Rfe1 c4 15. b4
g5 16. Bg3 Ne5 17. a4 Bd7 18. Ra2 Qb6 19. Rea1 Qb7 20. Qc1 Rec8 21. Qa3 Ne8 22.
axb5 axb5 23. Qxa8 Rxa8 24. Rxa8 Qb6 25. R1a7 Kh7 26. Bxe5 Nc7 27. Bxg7 Kxg7 28.
Rxc7 Qxc7 29. Ra6 g4 30. Ndb1 Qb8 31. Na3 Kf6 32. Rc6 Qa8 33. Naxb5 Bxc6 34.
dxc6 Qxc6 35. Bxg4 Qa6 36. Bd1 Ke5 37. Ba4 Qa8 38. Nc7 Qb7 39. N7d5 Kd4 40. b5
Kc5 41. b6 Kd4 42. g3 Kc5 43. Kg2 Qc8 44. Bd1 Qb7 45. Bg4 Kd4 46. Bf3 Qb8 47. h4
Ke5 48. Kh2 Kd4 49. Bg2 Kc5 50. f4 Kd4 51. Na4 Qa8 52. Ndc3 Qb8 53. e5 dxe5 54.
fxe5 1-0

[Event "World Junior Open 2015"]
[Site "Khanty-Mansiysk RUS"]
[Date "2015.09.12"]
[Round "10.9"]
[White "Loiseau, Quentin"]
[Black "Laurusas, Tomas"]
[Result "1-0"]
[WhiteTitle "IM"]
[BlackTitle "IM"]
[WhiteElo "2419"]
[BlackElo "2429"]
[WhiteFideId "665274"]
[BlackFideId "12803731"]
[EventDate "2015.09.02"]

1. d4 c5 2. d5 e5 3. e4 d6 4. Nc3 a6 5. a4 Be7 6. Nf3 Bg4 7. h3 Bxf3 8. Qxf3 Bg5
9. Bxg5 Qxg5 10. a5 Nd7 11. h4 Qd8 12. Nd1 Ne7 13. Ne3 O-O 14. Bd3 b5 15. axb6
Nxb6 16. Qe2 a5 17. g3 a4 18. Ra3 Kh8 19. c3 Ra7 20. O-O Qd7 21. Bb5 Qh3 22.
Rfa1 f5 23. exf5 Nxf5 24. Nxf5 Qxf5 25. Bxa4 Nxd5 26. Bc2 Rxa3 27. Rxa3 Qd7 28.
Ra6 Nf6 29. b4 cxb4 30. cxb4 e4 31. b5 d5 32. b6 Qc6 33. Ba4 Qc1+ 34. Qd1 Qb2
35. Qc2 Qb4 36. Bc6 e3 37. Ra8 Qe1+ 38. Kg2 Rxa8 39. Bxa8 e2 40. Kf3 Qd1 41.
Qxe2 Qh1+ 42. Kf4 Qc1+ 43. Qe3 Qc4+ 44. Kf3 d4 45. Qe7 h6 46. Be4 Qg8 47. b7 d3
48. Bxd3 Nd5 49. Qd6 Qf7+ 50. Kg2 Qxb7 51. Qf8# 1-0

[Event "World Junior Open 2015"]
[Site "Khanty-Mansiysk RUS"]
[Date "2015.09.12"]
[Round "10.10"]
[White "Sanal, Vahap"]
[Black "Johansson, Linus"]
[Result "1/2-1/2"]
[WhiteTitle "IM"]
[BlackTitle "IM"]
[WhiteElo "2522"]
[BlackElo "2400"]
[WhiteFideId "6300545"]
[BlackFideId "1711113"]
[EventDate "2015.09.02"]

1. Nf3 c5 2. e4 Nc6 3. Nc3 e5 4. Bc4 Be7 5. d3 d6 6. O-O Nf6 7. Ng5 O-O 8. f4 h6
9. Nf3 exf4 10. Bxf4 Be6 11. Nd2 d5 12. exd5 Nxd5 13. Nxd5 Bxd5 14. Qg4 f5 15.
Qf3 Bf7 16. Bxf7+ Rxf7 17. Nc4 Qd7 18. Rae1 Bf8 19. h4 Re8 20. c3 Rxe1 21. Rxe1
Qd8 22. h5 Re7 23. Rxe7 Bxe7 24. Bd6 Kh8 25. Bxe7 Qxe7 26. Qxf5 b5 27. Qc8+ Kh7
28. Qf5+ Kh8 29. Nd2 Qe3+ 30. Kh2 Qxd2 31. Qc8+ Kh7 32. Qxc6 Qxd3 33. Qxc5 a6
34. b3 Qe4 35. c4 Qh4+ 1/2-1/2

[Event "World Junior Open 2015"]
[Site "Khanty-Mansiysk RUS"]
[Date "2015.09.12"]
[Round "10.11"]
[White "Gagare, Shardul"]
[Black "Grigoryan, Karen H."]
[Result "0-1"]
[WhiteTitle "IM"]
[BlackTitle "GM"]
[WhiteElo "2469"]
[BlackElo "2609"]
[WhiteFideId "5037883"]
[BlackFideId "13301004"]
[EventDate "2015.09.02"]

1. Nf3 d5 2. c4 d4 3. g3 Nc6 4. Bg2 e5 5. d3 Bb4+ 6. Bd2 a5 7. O-O Nf6 8. Na3
O-O 9. Bxb4 axb4 10. Nc2 Qd6 11. Nd2 Nd8 12. a3 bxa3 13. b4 a2 14. Qc1 Ra4 15.
Qb2 Qa6 16. Nb3 Ne6 17. b5 Qa7 18. Nc1 Nc5 19. Rxa2 Bf5 20. Rxa4 Qxa4 21. f4 e4
22. Nxd4 Bc8 23. Ndb3 Nxb3 24. Nxb3 exd3 25. exd3 Qb4 26. Rc1 Re8 27. Qc3 Qe7
28. d4 h5 29. Nd2 h4 30. Nf1 h3 31. Bf3 b6 32. Rc2 Bg4 33. Bc6 Bd7 34. Bf3 Bf5
35. Re2 Qxe2 36. Bxe2 Rxe2 37. Ne3 Ne4 38. Qc1 Nd2 39. Qd1 Bd3 40. Kh1 Rxe3 41.
Qxd2 Rf3 0-1

[Event "World Junior Open 2015"]
[Site "Khanty-Mansiysk RUS"]
[Date "2015.09.12"]
[Round "10.12"]
[White "Ali Marandi, Cemil Can"]
[Black "Bai, Jinshi"]
[Result "1-0"]
[WhiteTitle "IM"]
[BlackTitle "IM"]
[WhiteElo "2422"]
[BlackElo "2519"]
[WhiteFideId "6300529"]
[BlackFideId "8602280"]
[EventDate "2015.09.02"]

1. e4 c5 2. Nf3 e6 3. b3 b6 4. Bb2 Bb7 5. Qe2 Nc6 6. Nc3 a6 7. O-O-O b5 8. g4
Nge7 9. Qe3 d6 10. d4 cxd4 11. Nxd4 Nxd4 12. Qxd4 Ng6 13. Nxb5 axb5 14. Bxb5+
Ke7 15. g5 e5 16. Qb4 Qb6 17. f4 Ba6 18. Rd5 Bb7 19. Rd2 Ba6 20. Rhd1 f6 21. f5
Rd8 22. Qc4 d5 23. Rxd5 Rxd5 24. Ba3+ 1-0